Draculova škola podrazov

Bibliographic Details
Main Authors: Virgala, Jozef (ain), Hasprová, Katarína, 1972- (Author, uin)
Format: Article
Language:Slovak
PhysicalDescription:Fotogr.
ISSN:0139-7451
Subjects:

MARC

LEADER 00000nab a2200000 a 4500
001 vtls000813117
003 SK-MaSNL
005 20260302150847.0
008 160322c2002 xo 0 slo
015 |a SNBRB2002/11-35559 
035 |a CLN000164772 
040 |a SNKBUCL  |b slo  |c SNKBUCL  |e AACR2 
041 0 |a slo 
044 |a xo  |c SK 
080 |a 78.071.2:784.66  |2 UDC-MRF-SK2 
080 |a 784.66  |2 UDC-MRF-SK2 
080 |a 929 Hasprová, Katarína  |2 UDC-MRF-SK2 
100 1 |a Virgala, Jozef  |4 ain  |9 841332 
245 1 0 |a Draculova škola podrazov  |c Jozef Virgala, Katarína Hasprová 
300 |b Fotogr. 
600 1 7 |a Hasprová, Katarína,  |d 1972-  |2 snkbucl  |9 111904 
655 7 |a články z novín a časopisov  |2 snkbucl  |9 267496 
700 1 |a Hasprová, Katarína,  |d 1972-  |4 aut  |4 uin  |9 111904 
773 0 |x 0139-7451  |t Eurotelevízia  |g Roč. 12, č. 43 (2002), s. 8-9 
850 |a Slovenská národná knižnica v Martine 
852 |a SNK  |b KIS3GCP 
958 |a BX 
958 |a RBX 
999 |c 1358366  |d 1360296